1100 1824 1958 1728 1996 1577 1163 1962 1477 1332 1960 1050 1989 1371 1483 1374 1355 1706 1844 1413 1200 1238 1051 1882 1649 1278 1783 1853 1548 1903 1860 1613 1474 1527 1752 1156 1931 1316 1595 1511 1411 1852 1117 1966 1929 1696 1144 1002 1628 1937 1470 1331 1488 1382 1846 1325 1682 1451 1882 1464 1284 1598 1469 1047 1129 1476 1076 1999 1455 1647 1274 1558 1149 1755 1425 1840 1379 1137 1037 1946 1168 1765 1229 1810 1145 1987 1428 1375 1553 1608 1349 1687 1886 1577 1008 1089 1945 1422 1619 BCNSPRNW ULIB Ver.6.0+V

เปลี่ยนเป็นภาษาไทย

Change to English
 แสดงรายละเอียดบรรณานุกรม
  กลับหน้าหลัก

Brief Record : Get Marc (ISO 2709) : E-mail record : QR code < ปิดหน้าต่าง
LEADER : 00000nam 2200000uu 4500
001    13399127156
003     ULIB
008    191018s2562||||th 000 0 tha d
020 ^- ^a9786164577534
050 ^- ^aนว.^bจ756ร
100 0^ ^aเจ้าหญิงละเมอ.
245 10 ^aรักนะครับคุณชายซกมก /^cเจ้าหญิงละเมอ.
250 ^- ^aพิมพ์ครั้งที่ 1.
260 ^- ^aกรุงเทพฯ :^bมีดี,^c2562
300 ^- ^a375 หน้า.
945    ^p300^l0^i006343
999    ^aประนอม เกษจรัล
รายการนี้ยังไม่มีแท็ก
คุณยังไม่ได้ล็อกอิน คุณสามารถมีกิจกรรมร่วมกับเว็บไซต์ได้ แต่ต้องล็อกอินก่อน ::
  ล็อกอิน

รายการสื่อสารสนเทศ

ลำดับที่ ประเภท เลขเรียก/บาร์โค้ด สถานที่ สถานะ
1. นวนิยาย
นวนิยาย
นว. จ756ร ฉ.1 
  Barcode: 006343
ห้องสมุดวิทยาเขตนครสวรรค์
►นวนิยาย:l:Fiction
บนชั้น

รายการใกล้เคียง
    ผู้แต่ง [เจ้าหญิงละเมอ.]

BibComment


ยังไม่เคยถูกคอมเมนท์

คอมเมนท์ทรัพยากรรายการนี้
  คอมเมนท์: รักนะครับคุณชายซ..


 Copyright 2026. Bcnsprnw @Library